01701nam a2200277 a 4500001001000000003000900010005001700019008004100036040002500077082002000102245022500122260004000347300001800387500005600405505017000461650008500631700005000716710006000766942001400826952012300840952010800963952011401071952011301185952010801298999001701406000015931DO-SdBNP20210923103847.0100222s2000 dr 001 0 spa d aDO-SdBNPbspacBNPHU a344.7293bR311j00aRecopilación jurisprudencial integrada de las decisiones de la Suprema Corte de Justicia de la República Dominicana :bmateria, procedimiento civil, comercial y laboral /ccompilador L. Almanzor González Canahuate. aSanto Domingo :bCentenario,c2000. av. :c23 cm.  aLa biblioteca posee el tomo 4, v. 10 --Tomo 3 v. 102 aTomo 4, v. 10 treinta (30) años enero 1970, diciembre 1999 -- Tomo 3, v. 10 ventinueve (29)años (1970 - 1998) desistimiento, divorcio, embargos, inadmisibilidad) 4aJurisprudenciaxRecopilaciones, repertorios, etc.zRepública Dominicana9191251 aGonzález Canahuate,L. Almanzorecomp.95213 aRepública DominicanabSuprema Corte de Justicia97906 2ddccLBS1 001054708PDaGRbGRcCTd2010-02-22iLF1l0ot. 3, e. 3p15931-30r2020-06-25w2020-06-25yLFPDZPréstamo en sala 0010718PDaPDbPDcCTd2010-02-22iLF1l0ot. 3p15931-10r2020-06-25w2020-06-25yLFPDZNo se presta 0010718PDaPDbPDcCTd2010-02-22iLF1l0ot. 4, e. 3p15931-20r2020-06-25w2020-06-25yLFPDZNo se presta 0010718PDaPDbPDcCTd2010-03-03iLF1l0ot. 3 e. 2p15931-40r2020-06-25w2020-06-25yLFPDZNo se presta 0010718PDaPDbPDcCTd2010-03-03iLF1l0ot. 4p15931-50r2020-06-25w2020-06-25yLFPDZNo se presta c15473d15473